000
00261nam a2200109Ia 4500
008
201231s9999 xx 000 0 und d
100
_a
Norton, Peter
245
0
_a
Peter Norton's Inside The PC
260
_a
New Delhi
_b
Prentice Hall
300
_a
627
942
_c
BK
999
_c
9783
_d
9783